[Event "Sivagangai Tamilnadu op U11 32th"]
[Site "Sivagangai Tamilnadu"]
[Date "2018.07.28"]
[Round "1.10"]
[White "Harsh, Suresh"]
[Black "Madhur, Manan Verma"]
[Result "1/2-1/2"]
[WhiteElo "1698"]
[BlackElo "1156"]
[PlyCount "104"]
[EventDate "2018.07.28"]
[EventType "swiss"]
[EventRounds "11"]
[EventCountry "IND"]
[SourceTitle "EXT 2024"]
[Source "ChessBase"]
[SourceDate "2023.10.10"]
[SourceVersion "1"]
[SourceVersionDate "2023.10.10"]
[SourceQuality "1"]

1. e4 c5 2. Nc3 d6 3. f4 Nc6 4. Nf3 Nf6 5. Bb5 Bg4 6. 0-0 Qb6 7. e5 dxe5 8. fxe5 Nd7 9. Nd5 Qd8 10. Bxc6 bxc6 11. Ne3 Bxf3 12. Qxf3 Nxe5 13. Qg3 Ng6 14. d3 e6 15. Nc4 Be7 16. Qf3 0-0 17. Qxc6 Rc8 18. Qe4 Bf6 19. Be3 Bd4 20. c3 Bxe3+ 21. Qxe3 Ne7 22. Rad1 Nf5 23. Qe4 Nd6 24. Nxd6 Qxd6 25. d4 cxd4 26. Qxd4 Qb8 27. Qf2 Qb7 28. Rd3 Rcd8 29. Rfd1 Rxd3 30. Rxd3 h6 31. h3 Rb8 32. b3 Rc8 33. c4 a5 34. Qd4 Qb4 35. Rg3 Qf8 36. Kh2 g6 37. Rc3 Qb4 38. Rf3 Qe7 39. Rd3 Qa3 40. Rd2 Qb4 41. Qf4 g5 42. Qe3 a4 43. h4 gxh4 44. Rd4 Qb8+ 45. Kh3 Qg3+ 46. Qxg3+ hxg3 47. Kxg3 axb3 48. axb3 Rb8 49. Rd3 Kf8 50. Kh4 Kg7 51. Kh5 f5 52. c5 Kf6 1/2-1/2